000 00935nam a2200289Ia 4500
001 Para_8471
003 CHAP
008 220125s1923 xx 000 0 und d
010 _a206635
040 _cCHAP
082 _aPA-C 595.752 A6
100 _aPatch, Edith M.
_986145
245 _aThe summer food plants of the green apple aphid :
_b (Aphis pomi) /
_c by Edith M. Patch
260 _aOrono, Me. :
_b University of Maine. Agricultural Experiment Station
300 _a46-68 p.
440 _aAphidae; 15
_9172930
500 _aEncuadernado con otros impresos similares
650 _a
_x Afididos
_x Colecciones de escritos
_x Aphis pomi
_x Manzana
_x plagas
_9172954
710 _aMaine. Agri. Exp. Sta. Bull.; 313
_9172955
901 _aPA-C 595.752 A6
902 _aA
905 _a0000001923 0000000000 00
910 _a1923
942 _cPARA
942 _cPARA
_d1
999 _c206635
_d206635